000 00293nam a22001337a 4500
008 170703b xxu||||| |||| 00| 0 eng d
020 _a9780226203133
041 _aeng
080 _a82
100 _a22
101 _aGJL
245 _aLEADING A HUMAN LIFE
_cELDRIDGE.R
942 _2udc
_cBK
999 _c19835
_d19835